| 000 | 00775cab a2200241 4500 | ||
|---|---|---|---|
| 001 | WB3344-06 | ||
| 008 | 090401t1997 xxu||||| |||| 00| 0 eng d | ||
| 035 | _a(Sirsi) u82025 | ||
| 041 | _aeng | ||
| 245 | _aShorter leases needed | ||
| 260 | _c1997 | ||
| 350 | _a0 | ||
| 490 |
_aProperty Week _v61(6) 7 November 1997, 3(1) |
||
| 520 | _aHillier Parker`s latest central London market report warns that tenants are demanding larger units on shorter leases - 15 years rather than 25. | ||
| 650 | _aCENTRAL LONDON | ||
| 650 | _aHILLIER PARKER | ||
| 650 | _aPROPERTY-COMMERCIAL PROPERTY-OFFICE PROPERTY-OFFICE PROPERTY MARKET | ||
| 650 | _aSERVICED OFFICES | ||
| 650 | _aSHORT LEASES | ||
| 690 | _aPROPERTY-COMMERCIAL PROPERTY | ||
| 942 | _n0 | ||
| 948 | _c12/11/1997 | ||
| 999 |
_c51724 _d51724 |
||